01356nam a22002537a 4500952010100000999001700101008004100118020002200159050002100181100002400202240004500226245014500271260003500416300003500451500005300486500010200539504003500641505027800676519006900954650002501023650002401048650002301072942000701095 00102lcc4070a11b11d2013-10-16l0oTS171 H45 2012p11 010385r2013-10-16t1w2013-10-16yLB c91028d91028131016t2012 sp a|||| |||| 00| 0 spa d a13: 9788492810512 aTS171 bH45 2012 aHenry, Kevineautor aDrawing for product designerslEspañol aDibujo para diseñadores de productob: De la idea al papelc/ Kevin, Henry; traducción de Jesús de Cos Pinto y Alicia Misrahi Vallés aEspañab: Promopressc, 2012 a208 páginasb: ilustraciones aTítulo original: Drawing for product designers aIncluye: Sumario, Introducción, Glosario, Indice, Créditos de las imágenes, Agradecimientos aLecturas recomendadas (p. 207) aComprensión del boceto Psicología del boceto Definición del boceto Orientación Encaje Morfología de los objetos Línea Exploración de las formas en el espacio Formas en el espacio Exploración de las formas en el tiempo Puesta en común  a Material complementario / bDiseño gráfico / d (11 010385) 0aDISEÑO DE PRODUCTO aDISEÑO INDUSTRIAL aDIBUJO - TÉCNICA cLB